000 00636nam a2200217Ia 4500
003 GCL
008 140319s9999 xx 000 0 ara d
040 _aGCL /
_cGCL
082 0 4 _a928.24
_bو ج
100 1 _aجورج برناردشو
245 1 0 _aجورج برناروشو /
_cجورج برناردشو
700 1 _aوجدى الفيشاوى
300 _a236
490 _aكتاب
_v0
650 0 4 _aالمذكرات
650 0 4 _aالتراجم الادبية
650 0 4 _aالتراجم الذاتية
650 0 4 _aالادب الانجليزى - تراجم
650 0 4 _aجورج برناردشو
942 _2ddc
_cBK
999 _c41472
_d41472